<?xml version="1.0" encoding="UTF-8"?>
<record
    xmlns:xsi="http://www.w3.org/2001/XMLSchema-instance"
    xsi:schemaLocation="http://www.loc.gov/MARC21/slim http://www.loc.gov/standards/marcxml/schema/MARC21slim.xsd"
    xmlns="http://www.loc.gov/MARC21/slim">

  <leader>00746nam a22001937a 4500</leader>
  <controlfield tag="003">OSt</controlfield>
  <controlfield tag="005">20260515062531.0</controlfield>
  <controlfield tag="008">130604r20131975sp ||||| |||||00| 0 cat d</controlfield>
  <datafield tag="040" ind1=" " ind2=" ">
    <subfield code="c">CDMR</subfield>
  </datafield>
  <datafield tag="245" ind1="0" ind2="0">
    <subfield code="a">Quatre Cantons</subfield>
    <subfield code="b">: [el nostre company detingut]</subfield>
  </datafield>
  <datafield tag="250" ind1=" " ind2=" ">
    <subfield code="a">Ed. facs&#xED;mil</subfield>
    <subfield code="b">N&#xFA;m 118, agost 1975</subfield>
  </datafield>
  <datafield tag="260" ind1=" " ind2=" ">
    <subfield code="a">Barcelona</subfield>
    <subfield code="b">Parroquia de Sta. Maria del Taulat</subfield>
    <subfield code="c">1975</subfield>
  </datafield>
  <datafield tag="300" ind1=" " ind2=" ">
    <subfield code="a">27 p.</subfield>
  </datafield>
  <datafield tag="500" ind1=" " ind2=" ">
    <subfield code="a">Edici&#xF3; facs&#xED;mil a c&#xE0;rrec de l'Associaci&#xF3; de Ve&#xEF;ns i Ve&#xEF;nes del Poblenou, l'Arxiu Hist&#xF2;ric del Poblenou, la revista Carrer de la FAVB i la Comissi&#xF3; Ciutadana Huerta Claveria</subfield>
  </datafield>
  <datafield tag="610" ind1="2" ind2=" ">
    <subfield code="9">3667</subfield>
    <subfield code="a">Quatre Cantons (Revista)</subfield>
  </datafield>
  <datafield tag="600" ind1="1" ind2="7">
    <subfield code="a">Huertas, Josep Maria</subfield>
    <subfield code="d">1939-2007&#x200F;</subfield>
    <subfield code="2"></subfield>
    <subfield code="9">28</subfield>
  </datafield>
  <datafield tag="700" ind1="1" ind2=" ">
    <subfield code="9">3666</subfield>
    <subfield code="a">Andreu, Marc</subfield>
    <subfield code="e">pr.</subfield>
  </datafield>
  <datafield tag="942" ind1=" " ind2=" ">
    <subfield code="2">udc</subfield>
    <subfield code="c">FULLET</subfield>
  </datafield>
  <datafield tag="999" ind1=" " ind2=" ">
    <subfield code="c">6401</subfield>
    <subfield code="d">6401</subfield>
  </datafield>
  <datafield tag="952" ind1=" " ind2=" ">
    <subfield code="0">0</subfield>
    <subfield code="1">0</subfield>
    <subfield code="4">0</subfield>
    <subfield code="7">0</subfield>
    <subfield code="a">CDMR</subfield>
    <subfield code="b">CDMR</subfield>
    <subfield code="d">2013-06-04</subfield>
    <subfield code="e">Donaci&#xF3;</subfield>
    <subfield code="l">0</subfield>
    <subfield code="o">Bf</subfield>
    <subfield code="p">CDMR13066614</subfield>
    <subfield code="r">2013-06-04</subfield>
    <subfield code="w">2013-06-04</subfield>
    <subfield code="y">FULLET</subfield>
  </datafield>
</record>
